01532nam a2200289 a 4500001001000000005001700010008004100027041000800068044000700076084002000083100004500103245014100148260003500289300002200324500030100346500006800647500009500715500009900810500001100909546002500920650005200945650005600997650003401053650004501087700006001132740005001192BRCA_305620190320204105.0230109s1786----fr-a---###---#000-0#fre-u afre afr a362b.S46c17861 aCervantes Saavedra, Miguel ded1547-161610aHistoire de L´Admirable Don Quichotte de la ManchecMiguel de Cervantes Saavedra ; Traduite de L´Espagnol par Filleau de Saint-Martin. aAvignonbFrancois Seguinc1786 a6 v.bil.c18 cm. aContenido : v 1. Primera parte. Advertencia del traductor. Prólogo del autor. Texto. -- v 2. Texto. -- v 3. Segunda parte. Texto. -- v 4. Texto. -- v 5. Primera parte de la continuación escrita por el traductor. Texto. -- v6. Segunda parte de la continuación escrita por el traductor. Texto aEdición : Nouvelle edition revueé corrigée et augmentée aEjemplar enteramente igual al LO-361. Piel; lomeras decoradas con dorados Lúdovik Osterc aEstado físico : En el volumen 2, el lomo está ligeramente desprendido de la parte superior aQMB131 aTexto en : francés14aNovela españolayÉpoca clásica, 1500-170014aLiteratura españolayÉpoca clásica, 1500-170014aNovela españolaySiglo XVII14aDon Quijote (Personaje ficticio)eNovela1 aSaint-Martin, Francois Filleau ded1632-1696eTraductor0 aEl Ingenioso Hidalgo Don Quijote de la Mancha